000 00254nam a2200097Ia 4500
008 230915s9999 xx 000 0 und d
050 _aT 385 .R44 2011
100 _aREGALLA SRINIVASA PRAKASH
245 0 _aCOMPUTER AIDED ANALYSIS AND DESIGN
942 _cBK
999 _c202887
_d202887